Ouija Board_Malayalam (Record no. 38095)

MARC details
000 -LEADER
fixed length control field 01563nam a22001937a 4500
020 ## - INTERNATIONAL STANDARD BOOK NUMBER
ISBN 9789357325073
082 ## - DEWEY DECIMAL CLASSIFICATION NUMBER
Classification number 920 AKH
100 ## - MAIN ENTRY--AUTHOR NAME
Personal name Akhil P Dharmajan
245 ## - TITLE STATEMENT
Title Ouija Board_Malayalam
250 ## - EDITION STATEMENT
Edition statement 1
260 ## - PUBLICATION, DISTRIBUTION, ETC. (IMPRINT)
Name of publisher DC Books
Place of publication Kottayam
Year of publication 2025
300 ## - PHYSICAL DESCRIPTION
Number of Pages Number of pages : 208
500 ## - GENERAL NOTE
General note Category : Novel, Upmarket Fiction, HORROR
520 ## - SUMMARY, ETC.
Summary, etc เดชเตเดฐเต‡เดคเด™เตเด™เดณเต†เด•เตเด•เตเดฑเดฟเดšเตเดšเตเดณเตเดณ เด—เดตเต‡เดทเดฃเดคเตเดคเดฟเดจเดพเดฏเดฟ เด•เดพเดจเดกเดฏเดฟเตฝ เดจเดฟเดจเตเดจเต เด•เต‡เดฐเดณเดคเตเดคเดฟเดฒเต†เดคเตเดคเดฟเดฏ เดฎเดพเดงเตเดฏเดฎเดชเตเดฐเดตเตผเดคเตเดคเด•เตป เด…เดฒเด•เตเดธเต เดตเดพเดŸเด•เดฏเตเด•เตเด•เต เดคเดพเดฎเดธเดฟเด•เตเด•เดพเดจเต†เดŸเตเดคเตเดค เดตเต€เดŸเดฟเดจเต เดฆเตเตผเดฎเดฐเดฃเด™เตเด™เดณเตเดŸเต† เด‡เดฐเตเดฃเตเดŸ เดญเต‚เดคเด•เดพเดฒเดฎเตเดฃเตเดŸเต. เดฎเดฐเดฃเด™เตเด™เดณเต† เด•เตเด•เตเดฑเดฟเดšเตเดšเต เด•เดพเดฒเด™เตเด™เตพเด•เตเด•เดฟเดชเตเดชเตเดฑเดตเตเด‚ เด…เดตเดถเต‡เดทเดฟเด•เตเด•เตเดจเตเดจ เดšเต‹เดฆเตเดฏเด™เตเด™เตพเด•เตเด•เต เด‰เดคเตเดคเดฐเด‚ เด•เดฃเตเดŸเต†เดคเตเดคเดพเตป เด…เดฒเด•เตเดธเตเด‚ เด•เต‚เดŸเตเดŸเต‚เด•เดพเดฐเตเด‚ เด“เดœเต‹เดฌเต‹เตผเดกเดฟเตปเตเดฑเต† เดธเดนเดพเดฏเดคเตเดคเต‹เดŸเต† เดจเดŸเดคเตเดคเตเดจเตเดจ เดฏเดพเดคเตเดฐเดฏเดพเดฃเต เดˆ เดจเต‹เดตเตฝ. เดตเดพเดฏเดจเด•เตเด•เดพเดฐเต† เดญเต€เดคเดฟเดฏเตเดŸเต† เดฒเต‹เด•เดคเตเดคเต เด…เด•เดชเตเดชเต†เดŸเตเดคเตเดคเตเดจเตเดจ เดธเดฟเดจเดฟเดฎเดพเดฑเตเดฑเดฟเด•เตเด•เดพเดฏ เด†เด–เตเดฏเดพเดจเด‚ .
546 ## - LANGUAGE NOTE
Language note Language : Malayalam
650 ## - SUBJECT ADDED ENTRY--TOPICAL TERM
Topical Term GEN
942 ## - ADDED ENTRY ELEMENTS (KOHA)
Koha item type Text Book
952 ## - LOCATION AND ITEM INFORMATION (KOHA)
Damaged status
Not for loan
Holdings
Withdrawn status Collection code Permanent Location Current Location Date acquired Source of acquisition Cost, normal purchase price Inventory number Full call number Accession Number Price effective from Koha item type
  GENERAL VAST Central Library VAST Central Library 25/11/2025 DC Bookshop,Thrissur 250.00 000729 920 AKH 38234 18/12/2025 Text Book